Malaysia's political economy : politics, patronage and profits

Bibliographic Details
Main Author: Edmund Terence Gomez
Other Authors: Jomo K.S
Format: Book
Published: Cambridge New York : Cambridge University Press , 1999.
Subjects:

MARC

LEADER 00000cam a2200000 7i4500
001 0000014465
005 20050427.0
020 |a 0521663687 
040 |a INS 
090 0 0 |a HC445.5 .   |b G65 1999 
100 1 |a Edmund Terence Gomez 
245 1 0 |a Malaysia's political economy :   |b politics, patronage and profits   |c Edmund Terence Gomez 
260 |a Cambridge New York :   |b Cambridge University Press ,   |c 1999. 
300 |a xix, 228 p. : maps ; 23 cm. 
650 0 0 |a Malaysia   |x Economic conditions. 
650 0 0 |a Malaysia   |x -Economic policy. 
650 0 0 |a Malaysia   |x -Politics and government. 
700 0 |a Jomo K.S 
999 |a 0000008798   |b BOOK   |c Open Shelf   |e Default branch